Prof. G Ram Reddy Library

Computational economics (Record no. 78550)

MARC details
000 -LEADER
fixed length control field 00555nam a2200193Ia 4500
003 - CONTROL NUMBER IDENTIFIER
control field LDD
008 - FIXED-LENGTH DATA ELEMENTS--GENERAL INFORMATION
fixed length control field 181029s9999 xx 000 0 und d
020 ## - INTERNATIONAL STANDARD BOOK NUMBER
International Standard Book Number 1591406498
Terms of availability
Field link and sequence number 9.95
040 ## - CATALOGING SOURCE
Transcribing agency LDD
100 ## - MAIN ENTRY--PERSONAL NAME
Personal name Chen, Shu-Heng
245 #0 - TITLE STATEMENT
Title Computational economics
Remainder of title a perspective from computational intelligence
Statement of responsibility, etc. Shu-Heng Chen
260 ## - PUBLICATION, DISTRIBUTION, ETC.
Place of publication, distribution, etc. Hershey
Name of publisher, distributor, etc. Idea
Date of publication, distribution, etc. 2006
300 ## - PHYSICAL DESCRIPTION
Extent xv, 318p.
365 ## - TRADE PRICE
Price amount
Field link and sequence number 9.95
901 ## - LOCAL DATA ELEMENT A, LDA (RLIN)
a 3761
b 31-01-2007
902 ## - LOCAL DATA ELEMENT B, LDB (RLIN)
a UBS7386
b 15-03-2007
c F
d UPPAL
e 0
903 ## - LOCAL DATA ELEMENT C, LDC (RLIN)
a Discount-10
b Reqst by : Saugato Sen
942 ## - ADDED ENTRY ELEMENTS (KOHA)
Source of classification or shelving scheme Dewey Decimal Classification
Koha item type Books
Holdings
Withdrawn status Lost status Source of classification or shelving scheme Damaged status Not for loan Home library Current library Total Checkouts Full call number Barcode Date last seen Cost, replacement price Price effective from Koha item type
No   Dewey Decimal Classification     Library and Documentation Division Library and Documentation Division   330.0285 C421C 061880 11/01/2018 4000.07 11/01/2018 Books

© Prof. G Ram Reddy Centre Library, Indira Gandhi National Open University, Maidan Garhi, New Delhi, 110068
+91-011-29532797 | FAX+91-011-29533393 |